000 00533nam a2200205Ia 4500
003 OSt
005 20220926045035.0
006 a|||||r|||| 00| 0
007 ta
008 220923b |||||||| |||| 00| 0 eng d
037 _cGeneral Book
040 _aRTL
_cRTL
_beng
041 _2eng
_aeng
082 _aY1u23156:N5, H5.2
100 _aGadgil D R
245 0 _aPoona
_b A socio-economic survey, Pt 2
260 _c1945
942 _hY1u23156:N5, H5.2
_cGB
_2CC
999 _c676531
_d676531